Don Vasco de Quiroga y la ciudad de Pátzcuaro /
Contrario a lo que anuncia la portada, este libro inicia con un homenaje al historiador michoacano Antonio Arriaga Ochoa. El segundo trabajo que integra este libro es un texto en que el propio homenajeado aborda la historia de Pátzcuaro. Arriaga hace énfasis en la importancia de Don Vasco de Quiroga...
Guardado en:
| Autor principal: | |
|---|---|
| Otros autores: | |
| Formato: | Libro |
| Idioma: | Español |
| Temas: | |
| Etiquetas: |
Sin etiquetas, Sé el primero en etiquetar este registro!
|
MARC
| LEADER | 00000nam^a2200000^a^4500 | ||
|---|---|---|---|
| 001 | 000099640 | ||
| 005 | 20250521000000.0 | ||
| 009 | 20260310093135.031 | ||
| 037 | |a Acervo ITESO - Biblioteca | ||
| 041 | |a ESP | ||
| 082 | |a 972. 37 |b ARR | ||
| 100 | |a Arriaga Ochoa, Antonio |e (autor) | ||
| 245 | 1 | 0 | |a Don Vasco de Quiroga y la ciudad de Pátzcuaro / |c A. Arriaga Ochoa. |
| 264 | |a México : |b Libros de México : |b Instituto de Estudios sobre el Hombre, |c 1978 | ||
| 300 | |a 45 p. | ||
| 336 | |a texto |b txt |2 rdacontenido | ||
| 337 | |a sin mediación |b n |2 rdamedio | ||
| 338 | |a volumen |b nc |2 rdasoporte | ||
| 520 | |a Contrario a lo que anuncia la portada, este libro inicia con un homenaje al historiador michoacano Antonio Arriaga Ochoa. El segundo trabajo que integra este libro es un texto en que el propio homenajeado aborda la historia de Pátzcuaro. Arriaga hace énfasis en la importancia de Don Vasco de Quiroga en la primera planeación urbana y en el desarrollo posterior de la ciudad. | ||
| 649 | |a XX | ||
| 650 | |a Historiadores Mexicanos - |x Biografías | ||
| 650 | |a Pátzcuaro, Michoacán - |x Historia | ||
| 650 | |a Michoacán - |x Historia | ||
| 650 | |a México - |x Historia | ||
| 650 | |a Arriaga Ochoa, Antonio | ||
| 600 | |a Quiroga, Vasco de | ||
| 740 | 0 | |a Discurso en memoria del profesor Antonio Arriaga Ochoa / |c M. Arellano Z. | |
| 700 | |a Arellano Z., Manuel |e (autor) | ||
| 910 | |a Fondo Jesús Rodríguez | ||
| 920 | |a Impresos - Libros | ||
| 930 | |a Fondos Especiales | ||
| 905 | |a 113 | ||
| 901 | |a 0500035586 |b IT2 |c ESP |u 20250521 | ||
| 902 | |a https://opac.biblio.iteso.mx/vufind/Record/000099640 | ||